[Event "Golden Cleopatra op"]
[Site "Cairo"]
[Date "2016.12.17"]
[Round "6"]
[White "Hesham, Abdelrahman"]
[Black "Abdel Moniem, Mohamed"]
[Result "1-0"]
[WhiteElo "2408"]
[BlackElo "2154"]
[PlyCount "61"]
[EventDate "2016.12.13"]
[EventType "swiss"]
[EventRounds "10"]
[EventCountry "EGY"]
[SourceTitle "CBM 176 Extra"]
[Source "ChessBase"]
[SourceDate "2017.03.02"]
[SourceVersion "1"]
[SourceVersionDate "2017.03.02"]
[SourceQuality "1"]

1. d4 d5 2. c4 dxc4 3. e4 Nf6 4. e5 Nd5 5. Bxc4 e6 6. Nc3 Nxc3 7. bxc3 Nd7 8. Qg4 c5 9. Nf3 cxd4 10. cxd4 b5 11. Bd3 Bb7 12. 0-0 h5 13. Qg3 h4 14. Qh3 a6 15. Ng5 Nb6 16. Nxe6 Bxg2 17. Qxg2 fxe6 18. Qb7 Be7 19. Bg6+ Kf8 20. Qf3+ Bf6 21. exf6 gxf6 22. Ba3+ Kg7 23. Be4 f5 24. Bxa8 Nxa8 25. d5 Rg8 26. dxe6 Nb6 27. Kh1 Nc4 28. Rg1+ Kf6 29. Qc3+ Kxe6 30. Rae1+ Kf7 31. Re7+ 1-0

[Event "EGY-ch Masters"]
[Site "Cairo"]
[Date "2009.11.18"]
[Round "4.1"]
[White "Abdel Moniem, Mohamed"]
[Black "Ibrahim, Hatim"]
[Result "0-1"]
[WhiteElo "2127"]
[BlackElo "2328"]
[PlyCount "78"]
[EventDate "2009.11.15"]
[EventType "swiss"]
[EventRounds "8"]
[EventCountry "EGY"]
[SourceTitle "EXT 2024"]
[Source "ChessBase"]
[SourceDate "2023.10.10"]
[SourceVersion "1"]
[SourceVersionDate "2023.10.10"]
[SourceQuality "1"]

1. d4 g6 2. Nf3 Bg7 3. g3 Nf6 4. Bg2 0-0 5. 0-0 d6 6. c4 Nc6 7. Nc3 a6 8. b3 Rb8 9. Bb2 b5 10. cxb5 axb5 11. Rc1 Bd7 12. e3 b4 13. Ne2 Na7 14. Re1 Nb5 15. Rc4 Nd5 16. e4 Nb6 17. Rc2 Ra8 18. Nc1 Bg4 19. h3 Bxf3 20. Bxf3 c5 21. e5 Rc8 22. dxc5 dxc5 23. Rd2 Qc7 24. Nd3 c4 25. bxc4 Nxc4 26. Rc2 Qa5 27. Rxc4 Rxc4 28. Qb3 Nd4 29. Bxd4 Rxd4 30. e6 Qa3 31. Nc5 f5 32. Nd7 Qxb3 33. axb3 Rc8 34. Bb7 Rd8 35. Ba6 Rd2 36. Re3 Bd4 37. Re2 Rxe2 38. Bxe2 Ra8 39. Kg2 Ra2 0-1

[Event "EGY-ch final"]
[Site "Cairo"]
[Date "2007.12.05"]
[Round "5"]
[White "Abdel Samee, Mohamed"]
[Black "Abdel Moniem, Mohamed"]
[Result "0-1"]
[WhiteElo "2306"]
[BlackElo "2139"]
[PlyCount "112"]
[EventDate "2007.12.01"]
[EventType "swiss"]
[EventRounds "9"]
[EventCountry "EGY"]
[SourceTitle "EXT 2019"]
[Source "ChessBase"]
[SourceDate "2018.10.10"]
[SourceVersion "1"]
[SourceVersionDate "2018.10.10"]
[SourceQuality "1"]

1. e4 c5 2. Nf3 Nc6 3. d3 d6 4. g3 Nf6 5. Bg2 g6 6. 0-0 Bg7 7. h3 0-0 8. c3 Rb8 9. Be3 b5 10. Qd2 Re8 11. Bh6 c4 12. Bxg7 Kxg7 13. Re1 cxd3 14. Qxd3 Ne5 15. Nxe5 dxe5 16. Qe3 Qc7 17. Nd2 Rd8 18. b3 Be6 19. Rec1 Qb6 20. Qe2 Rbc8 21. Nf3 Nd7 22. Rc2 f6 23. Rd1 Nc5 24. Rxd8 Rxd8 25. Nd2 Bf7 26. Bf1 a6 27. Qe3 Qc6 28. b4 Na4 29. c4 Rd4 30. Nb3 Rxe4 31. Qf3 bxc4 32. Na5 Qd5 33. Nxc4 Re1 34. Qxd5 Bxd5 35. Ne3 Be4 36. Rc7 Kf8 37. Ra7 f5 38. Rd7 Nc3 39. Rd8+ Kg7 40. Rd2 f4 41. gxf4 exf4 42. Nc2 Rc1 43. Nd4 f3 44. a4 e5 45. Ne6+ Kf6 46. Nc5 Bf5 47. Kh2 Rxf1 48. Kg3 Ne4+ 49. Nxe4+ Bxe4 50. Rd6+ Kf5 51. Rxa6 Rg1+ 52. Kh2 Rg2+ 53. Kh1 Rxf2 54. Ra7 Kf4 55. Rf7+ Kg3 56. Kg1 Bd3 0-1